000 00469nab a22001457 4500
003 ES-SlBCS
005 20210327224319.0
008 201211s2020 sp ||||| |||| 00| 0 spa d
040 _aES-SlBCS
_bspa
041 _aspa
100 1 _aPourmohammadi, Naeimeh
_9121111
245 1 0 _aHacia una teología de la discapacidad en el cristianismo y en el islam
_cNaeimeh Pourmohammadi
773 0 _gNúm. 388, 2020, págs. 99-112
_tConcilium
_wRev134
_x0210-1041
942 _2lcc
_cAR
999 _c490799
_d490799